Funicolari : Ceretti & Tanfani Societá Anonima, Bovisa - Milano Ceretti & Tanfani Societá Anonima, Bovisa - Milano
Descripción Física:
47 p. : il., fot. ; 19 x 30 cm
Materias:
Funiculars
MARC
| LEADER | 00000nam a2200000Ia 4500 | ||
|---|---|---|---|
| 001 | 23547 | ||
| 008 | 160829s9999 xx 000 0 cat d | ||
| 080 | |a RF-17-27 | ||
| 245 | |a Funicolari : |b Ceretti & Tanfani Societá Anonima, Bovisa - Milano | ||
| 260 | |a Milano : |b Officine Grafiche Coen & C., [192-?] | ||
| 300 | |a 47 p. : |b il., fot. ; |c 19 x 30 cm | ||
| 590 | |a Prové de OPP-1714 | ||
| 650 | |a Funiculars |9 47780 | ||
| 856 | 4 | |u https://media.diba.cat/diba/fitxers/arxiu/fulletons/bib_23547_baixa.pdf |y Accés lliure | |
| 856 | 4 | |u https://media.diba.cat/diba/fitxers/arxiu/fulletons/bib_23547_baixa.pdf |y Accés lliure | |
| 901 | |a Arxiu | ||
| 942 | |n 1 |2 udc | ||
| 952 | |0 0 |1 0 |4 0 |6 RF1727 |7 1 |9 54992 |a Arxiu |b Arxiu |d 2012-08-07 |l 0 |o RF-17-27 |p 23547 |r 2016-12-01 00:00:00 |w 2016-12-01 |y ARXIU | ||
| 999 | |c 58862 |d 58862 | ||
| 900 | |a bib_23547_baixa.pdf | ||